| 000 | 00932nam a2200229Ia 4500 | ||
|---|---|---|---|
| 003 | GCL | ||
| 008 | 140319s9999 xx 000 0 ara d | ||
| 040 |
_aGCL / _cGCL |
||
| 082 | 0 | 4 |
_a301.241956 _bص ا |
| 100 | 1 | _aصالح احمد العلى | |
| 245 | 1 | 0 |
_aاشكالية العلاقة الثقافية مع الغرب: بحوث ومناقشات الندوة الفكرية التى نظمها المجمع العلمى العراقى / _cصالح احمد العلى |
| 300 | _a328 ص | ||
| 490 |
_aمركز دراسات الوحده العربية _v0 |
||
| 650 | 0 | 4 | _aالتنمية الاقتصادية |
| 650 | 0 | 4 | _aالثقافة |
| 650 | 0 | 4 | _aالوحدة العربية |
| 650 | 0 | 4 | _aالعلاقات الثقافية |
| 650 | 0 | 4 | _aالاستشراق |
| 650 | 0 | 4 | _aالبلدان العربية - العلاقات الخارجية |
| 650 | 0 | 4 | _aالعلاقات الثقافية - العرب |
| 942 |
_2ddc _cBK |
||
| 999 |
_c50902 _d50902 |
||